| 000 | 00441pab a2200169 454500 | ||
|---|---|---|---|
| 008 | 180718b2015 xxu||||| |||| 00| 0 eng d | ||
| 100 | _aQamar, Furqan | ||
| 245 | _aInternationalising the Indian higher education | ||
| 260 | _c2015 | ||
| 300 | _ap.8-12. | ||
| 362 | _a7 Sep | ||
| 650 | _aEducational policy - India | ||
| 650 | _aHigher education - India | ||
| 650 | _aHigher education | ||
| 773 | _aUniversity News | ||
| 909 | _a109149 | ||
| 999 |
_c109144 _d109144 |
||